50 danzas argentinas
محفوظ في:
| المؤلفون الرئيسيون: | , , |
|---|---|
| التنسيق: | كتاب |
| اللغة: | الإسبانية |
| منشور في: |
Buenos Aires
Ricordi Americana
1987
|
| سلاسل: | BA 13422
|
| الموضوعات: | |
| الوسوم: |
إضافة وسم
لا توجد وسوم, كن أول من يضع وسما على هذه التسجيلة!
|
MARC
| LEADER | 00000nam a2200000 a 4500 | ||
|---|---|---|---|
| 001 | UCL5544 | ||
| 003 | CL-VaPUC | ||
| 008 | 040312e19870000AG |||||||||||||||||spa|d | ||
| 020 | |a 9502202961 | ||
| 082 | 0 | 4 | |a 781.6282 |b MEL |2 21 |
| 100 | |a Melo, Setembrino |e autor |9 483263 | ||
| 700 | 0 | |a Guzmán, Alicia Susana |e author |9 483264 | |
| 700 | 0 | |a Gulli, Azucena Asunción |e author |9 483265 | |
| 245 | 1 | 0 | |a 50 danzas argentinas |
| 300 | |a 176 p | ||
| 942 | |c BK | ||
| 945 | |d 20040312 00:00:00 |a cmena | ||
| 260 | |a Buenos Aires |b Ricordi Americana |c 1987 | ||
| 650 | 7 | |a DANZAS ARGENTINAS |2 CL-VaPUC |9 483266 | |
| 650 | 7 | |a COREOGRAFIAS |2 CL-VaPUC |9 483267 | |
| 650 | 0 | |a Música folklórica |9 306412 | |
| 650 | 7 | |a ORQUESOGRAFIA |2 CL-VaPUC |9 483268 | |
| 583 | |a last modification |c 20040312 00:00:00 |k Rodrigo Vera | ||
| 490 | 0 | |a BA 13422 | |
| 999 | |c 308069 |d 308067 | ||
| 952 | |0 0 |1 0 |4 0 |6 781_628200000000000_MEL_1987 |7 0 |8 A |9 374301 |a BIBEDU |b BIBEDU |d 2019-11-21 |i 3982041 |o 781.6282 MEL 1987 |p 3982041 |r 2023-01-12 |w 2019-11-21 |y BK |k MUS | ||